Llwytho...
Principles of management
| Prif Awdur: | |
|---|---|
| Awduron Eraill: | |
| Fformat: | Printed Book |
| Iaith: | Undetermined English |
| Cyhoeddwyd: |
New Delhi
Tata Mc Graw -Hill Publishing Company Limited
1999
|
| Pynciau: |
| LEADER | 00894nam a2200253Ia 4500 | ||
|---|---|---|---|
| 008 | 140306s9999 xx 000 0 und d | ||
| 020 | |a 0074604406 | ||
| 041 | |a eng | ||
| 082 | |a 658 |b TRI/PR | ||
| 100 | |a Reddy, P N | ||
| 245 | |a Principles of management | ||
| 260 | |a New Delhi |b Tata Mc Graw -Hill Publishing Company Limited |c 1999 | ||
| 300 | |a 323 | ||
| 365 | |b Rs.120 | ||
| 650 | |a Business forecasting | ||
| 650 | |a Communication | ||
| 650 | |a HRD | ||
| 650 | |a Managerial control | ||
| 650 | |a Planning | ||
| 700 | |a Tripathi, P C | ||
| 942 | |2 ddc |c BK | ||
| 999 | |c 180011 |d 180011 | ||
| 952 | |0 0 |1 0 |2 ddc |4 0 |6 658_000000000000000_TRI_PR |7 0 |9 185308 |a KAUCBV |b KAUCBV |d 2004-05-02 |g 120.00 |l 2 |o 658 TRI/PR |r 2018-02-28 |s 2018-02-03 |w 2014-03-22 |y BK | ||
| 952 | |0 0 |1 0 |2 ddc |4 0 |6 658_000000000000000_TRI_PR |7 0 |9 185309 |a KAUCBV |b KAUCBV |d 2004-05-02 |g 120.00 |l 3 |o 658 TRI/PR |r 2019-02-25 |s 2019-02-04 |w 2014-03-22 |y BK | ||